Empresa C.E.A. S.A Ingeniería para el desarrollo noviembre de 2018 noviembre de 2019

Presenta un informe de prácticas profesionales en el que se demuestra la aplicación de los conocimientos, aptitud y herramientas adquiridas en el proceso de aprendizaje de la carrera de arquitectura, para desempeñar las actividades en la empresa C.E.A. S.A en el área de Desarrollo de Proyectos....

Full description

Bibliographic Details
Main Author: Gutiérrez Arriaza, Iris Daniela
Other Authors: Tutor: Pentzke Chamorro, Gerald.
Format: Tesis Section = Libro
Language:Undetermined
Spanish
Published: Managua UNI 2020
Subjects:
LEADER 01283nam a2200253Ia 4500
008 240830s9999 xx 000 0 und d
040 |a BIBLIOTECA-RUSB/ Mon 712.3 G984 
041 |a spa 
082 |a Mon 712.3 G984 
100 1 |a Gutiérrez Arriaza, Iris Daniela 
245 1 0 |a Empresa C.E.A. S.A Ingeniería para el desarrollo noviembre de 2018 noviembre de 2019 
260 |a Managua  |b UNI  |c 2020 
300 |a 51 p. :il. 
500 |a Contiene: Informe de Prácticas Profesionales. 
502 |a Tesis (Arquitecto) - UNI, 2020. 
520 3 |a Presenta un informe de prácticas profesionales en el que se demuestra la aplicación de los conocimientos, aptitud y herramientas adquiridas en el proceso de aprendizaje de la carrera de arquitectura, para desempeñar las actividades en la empresa C.E.A. S.A en el área de Desarrollo de Proyectos. el informe de la práctica profesional supervisada realizado en un periodo de doce meses comprendido entre noviembre de 2018, noviembre de 2019 en la empresa C.E.A S.A. 
650 7 |a PRACTICAS PROFESIONALES 
650 7 |b  FORMACION PROFESIONAL 
650 7 |c  DISEÑO ARQUITYECTONICO 
650 7 |d  ARQUITECTURA-DISEÑOS Y PLANOS 
700 1 |a Tutor:  |b Pentzke Chamorro, Gerald. 
942 |c BK  |2 ddc 
991 |a TESIS 
999 |c 21058